Vrais noms des rappeurs français - Statistiques

Statistiques générales
  • Ce quiz a été pris 110 fois
  • Le résultat moyen est 7 sur 20
Statistiques - réponses
Hint Réponse % Correct
Julien Mari JUL
89%
Julien Schwarzer SCH
66%
Elie Yaffa Booba
63%
Aurelien Cotentin Orelsan
57%
Georges Stanislas Dinga Pinto Niska
55%
Valentin Le Du Vald
55%
Sofiane Zermani Fianso
48%
Gandhi Djuna Gims
46%
Armand Gnakouri Okou Kaaris
42%
Alpha Diallo Black M
40%
Didier Morville Joeystarr
38%
Saïd M'Roumbaba Soprano
30%
Mohamed Sylla MHD
27%
Marcel Loutarila Koba la D
26%
Claude M'Barali MC Solaar
24%
Jérémie Serrandour Lorenzo
11%
Philippe Fragione Akhenaton
10%
Bruno Beausir Doc Gyneco
8%
Abdoulaye Diarra Oxmo Puccino
4%
Geoffroy Mussard Shurikn
4%
Aucun quiz correspondant
Distribution des résultats
% des personnes avec chaque résultat
Percentile par nombre de réponses
Votre historique - résultats
Vous n’avez pas pris ce quiz